000 00543 a2200157 4500
001 ART_8039
005 20260410161831.0
008 260409a
245 1 0 _aLa tecnología como factor de competitividad
100 1 _aClaver Cortés, Enrique
700 1 _aLlopis Taberner, Juan
700 1 _aMolina Manchón, Hipólito
700 1 _aConca Flor, Francisco José
700 1 _aMolina Azorín, José Francisco
773 0 _tBoletín de estudios económicos
_gEstrategia y empresa - Vol. 55, Nº 169 (abr. 2000)
_wREV5142
999 _c23241
_d23241